Fotografie Martina Dúbravku

Bibliographic Details
Main Author: Aufricht, Karol, 1910-1975 (Author)
Format: Article
Language:Slovak
Subjects:

MARC

LEADER 00000nab a2200000 ar4500
001 vtls010041399
003 SK-MaSNL
005 20260303051058.0
008 100120c1973 xo |r|p|||||||000 b|slo
015 |a SNBRB1973 
038 |a SNKBUCL 
040 |a SNKBUCL  |b slo  |c SNKBUCL  |e AACR2 
041 |a slo 
044 |a xo  |c SK 
080 |a 77.04-051  |2 2001 
100 1 |a Aufricht, Karol,  |d 1910-1975  |4 aut  |9 41227 
245 1 0 |a Fotografie Martina Dúbravku  |c K. Aufricht 
610 2 7 |a Galéria Profil (Bratislava, Slovensko)  |2 snkbucl  |9 66798 
648 7 |a 1973  |2 snkbucl  |9 282428 
651 7 |a Dúbravka (Bratislava IV, Slovensko)  |2 snkbucl  |9 73098 
773 0 |t Hlas ľudu  |g (16.4.1973), s. 3 
852 |a SNK  |b KIS3GCP 
958 |a BX 
999 |c 1710213  |d 1712143